|
|
|
|
| LEADER |
00000cam a22000004a 4500 |
| 001 |
musev2_71130 |
| 003 |
MdBmJHUP |
| 005 |
20230905051329.0 |
| 006 |
m o d |
| 007 |
cr||||||||nn|n |
| 008 |
100418s1999 ncu o 00 0 eng d |
| 020 |
|
|
|a 9780822381280
|
| 020 |
|
|
|z 9780822323976
|
| 020 |
|
|
|z 9780822323761
|
| 035 |
|
|
|a (OCoLC)1139362523
|
| 040 |
|
|
|a MdBmJHUP
|c MdBmJHUP
|
| 100 |
1 |
|
|a Peard, Julyan G.
|
| 245 |
1 |
0 |
|a Race, Place, and Medicine :
|b The Idea of the Tropics in Nineteenth-Century Brazil /
|c Julyan G. Beard.
|
| 264 |
|
1 |
|a Durham, NC :
|b Duke University Press,
|c 1999.
|
| 264 |
|
3 |
|a Baltimore, Md. :
|b Project MUSE,
|c 2020
|
| 264 |
|
4 |
|c ©1999.
|
| 300 |
|
|
|a 1 online resource (326 pages).
|
| 336 |
|
|
|a text
|b txt
|2 rdacontent
|
| 337 |
|
|
|a computer
|b c
|2 rdamedia
|
| 338 |
|
|
|a online resource
|b cr
|2 rdacarrier
|
| 505 |
0 |
|
|a 1 The Escola Tropicalista Bahiana: A Creative Response in Adversity -- 2 The Politics of Disease -- 3 Race, Climate, Medicine: Framing Tropical Disorders -- 4 Physicians and Women in Bahia -- 5 Moving into Mainstream.
|
| 588 |
|
|
|a Description based on print version record.
|
| 610 |
2 |
7 |
|a Escola Tropicalista Bahiana.
|2 fast
|0 (OCoLC)fst00572659
|
| 610 |
2 |
2 |
|a Escola Tropicalista Bahiana
|
| 610 |
2 |
0 |
|a Escola Tropicalista Bahiana
|x History
|y 19th century.
|
| 650 |
|
7 |
|a Medecine tropicale
|z Bahia (Bresil ; État)
|y 19e siecle.
|2 ram
|
| 650 |
1 |
7 |
|a Tropische geneeskunde.
|2 gtt
|
| 650 |
|
7 |
|a Tropical medicine.
|2 fast
|0 (OCoLC)fst01157469
|
| 650 |
|
7 |
|a Medicine.
|2 fast
|0 (OCoLC)fst01014893
|
| 650 |
|
7 |
|a MEDICAL
|x Tropical Medicine.
|2 bisacsh
|
| 650 |
|
6 |
|a Medecine
|x Histoire
|y 19e siecle.
|
| 650 |
|
6 |
|a Medecine
|z Bresil
|z Bahia (État)
|x Histoire
|y 19e siecle.
|
| 650 |
|
6 |
|a Medecine tropicale
|z Bresil
|z Bahia (État)
|x Histoire
|y 19e siecle.
|
| 650 |
2 |
2 |
|a History, 19th Century
|
| 650 |
1 |
2 |
|a Tropical Medicine
|x history
|
| 650 |
|
0 |
|a Medicine
|z Brazil
|z Bahia (State)
|x History
|y 19th century.
|
| 650 |
|
0 |
|a Tropical medicine
|z Brazil
|z Bahia (State)
|x History
|y 19th century.
|
| 651 |
|
7 |
|a Brazil
|z Bahia (State)
|2 fast
|0 (OCoLC)fst01330951
|
| 651 |
|
2 |
|a Brazil
|
| 655 |
|
7 |
|a History.
|2 fast
|0 (OCoLC)fst01411628
|
| 655 |
|
7 |
|a Electronic books.
|2 local
|
| 710 |
2 |
|
|a Project Muse.
|e distributor
|
| 830 |
|
0 |
|a Book collections on Project MUSE.
|
| 856 |
4 |
0 |
|z Texto completo
|u https://projectmuse.uam.elogim.com/book/71130/
|
| 945 |
|
|
|a Project MUSE - Custom Collection
|